[Event "POL-chT blind Gp B"]
[Site "Mielno"]
[Date "2013.12.13"]
[Round "10.8"]
[White "Mackowiak, Marek"]
[Black "Kardasz, Wladyslaw"]
[Result "1-0"]
[WhiteElo "2165"]
[BlackElo "1784"]
[PlyCount "54"]
[EventDate "2013.12.06"]
[EventType "team-tourn"]
[EventRounds "10"]
[EventCountry "POL"]
[SourceTitle "EXT 2019"]
[Source "ChessBase"]
[SourceDate "2018.10.10"]
[SourceVersion "1"]
[SourceVersionDate "2018.10.10"]
[SourceQuality "1"]

1. c4 Nf6 2. Nc3 c5 3. g3 Nc6 4. Bg2 e6 5. e3 Be7 6. Nge2 0-0 7. 0-0 a6 8. d4 cxd4 9. Nxd4 Rb8 10. b3 Qc7 11. a4 b6 12. Bb2 Bb7 13. e4 Bc5 14. Nc2 Ne5 15. h3 Rfd8 16. Kh2 Ng6 17. f4 e5 18. f5 Nf8 19. Qd3 Be7 20. Rfd1 d6 21. Ne3 N8d7 22. Ba3 Nc5 23. Bxc5 bxc5 24. Rab1 Ba8 25. Ncd5 Bxd5 26. cxd5 Qa7 27. Nc2 Rb7 1-0

[Event "POL-chT blind Gp B"]
[Site "Mielno"]
[Date "2013.12.10"]
[Round "5.8"]
[White "Kardasz, Wladyslaw"]
[Black "Mackowiak, Marek"]
[Result "0-1"]
[WhiteElo "1784"]
[BlackElo "2165"]
[PlyCount "102"]
[EventDate "2013.12.06"]
[EventType "team-tourn"]
[EventRounds "10"]
[EventCountry "POL"]
[SourceTitle "EXT 2019"]
[Source "ChessBase"]
[SourceDate "2018.10.10"]
[SourceVersion "1"]
[SourceVersionDate "2018.10.10"]
[SourceQuality "1"]

1. e4 d6 2. d4 g6 3. Nf3 Bg7 4. Nc3 a6 5. a4 Nf6 6. h3 0-0 7. Be2 Nc6 8. Be3 Re8 9. 0-0 d5 10. exd5 Nxd5 11. Nxd5 Qxd5 12. c4 Qd6 13. Qd2 Qb4 14. Qxb4 Nxb4 15. Rad1 c6 16. Bd2 a5 17. Bc3 Bf5 18. Ne1 Red8 19. g4 Be6 20. f4 f5 21. g5 Rd7 22. Rd2 Na2 23. Nf3 Bf7 24. Rfd1 c5 25. Ne5 Nxc3 26. bxc3 Bxe5 27. dxe5 Rxd2 28. Rxd2 Kf8 29. Rd7 Rb8 30. Rd2 Ke8 31. Kf2 b6 32. Ke3 Be6 33. h4 Bd7 34. Ra2 Be6 35. Rd2 Kf7 36. Ra2 h6 37. Rb2 hxg5 38. hxg5 Bd7 39. Bd1 Bc6 40. Rh2 Kg7 41. Rb2 Be8 42. Rd2 Kf7 43. Rh2 Rd8 44. Rd2 Rb8 45. Rb2 Bd7 46. Rh2 Kg7 47. Rb2 Be6 48. Be2 Kf7 49. Rb1 Rh8 50. Rxb6 Rh3+ 51. Kd2 Rh2 0-1

[Event "Rewal op-B 18th"]
[Site "Rewal"]
[Date "2013.08.23"]
[Round "4"]
[White "Kardasz, Wladyslaw"]
[Black "Krzysztofiak, Zdzislaw"]
[Result "0-1"]
[WhiteElo "1846"]
[BlackElo "1685"]
[PlyCount "88"]
[EventDate "2013.08.20"]
[EventType "swiss"]
[EventRounds "9"]
[EventCountry "POL"]
[SourceTitle "CBM 156 Extra"]
[Source "ChessBase"]
[SourceDate "2013.10.22"]
[SourceVersion "1"]
[SourceVersionDate "2013.10.22"]
[SourceQuality "1"]

1. e4 e5 2. Nf3 Nc6 3. Bb5 a6 4. Bxc6 dxc6 5. d4 exd4 6. Qxd4 Qxd4 7. Nxd4 c5 8. Nb3 Bd6 9. Nc3 Be6 10. 0-0 Nf6 11. h3 0-0-0 12. Be3 b6 13. f4 Be7 14. a4 Bxb3 15. cxb3 Rd3 16. Kf2 Rhd8 17. Ke2 c6 18. Nd5 Rxe3+ 19. Nxe3 Nxe4 20. Rfd1 g6 21. Rxd8+ Kxd8 22. Kd3 f5 23. b4 cxb4 24. Nc4 Kc7 25. Ne5 Bf6 26. b3 Kd6 27. Nc4+ Kc5 28. Rg1 b5 29. axb5 Kxb5 30. Rf1 a5 31. g4 a4 32. bxa4+ Kxa4 33. gxf5 c5 34. Ne5 Kb5 35. Nd7 Bd4 36. Nf8 Nf2+ 37. Ke2 Nxh3 38. Ne6 Ng1+ 39. Kd3 Nf3 40. Nxd4+ Nxd4 41. Rh1 Ne6 42. Ke3 b3 43. Rxh7 Kc4 44. Rh6 b2 0-1

[Event "Rewal op-B 15th"]
[Site "Rewal"]
[Date "2010.08.23"]
[Round "4"]
[White "Tobolski, Jakub"]
[Black "Kardasz, Wladyslaw"]
[Result "1/2-1/2"]
[WhiteElo "2100"]
[BlackElo "1861"]
[PlyCount "55"]
[EventDate "2010.08.18"]
[EventType "swiss"]
[EventRounds "9"]
[EventCountry "POL"]
[SourceTitle "EXT 2014"]
[Source "ChessBase"]
[SourceDate "2013.11.20"]
[SourceVersion "1"]
[SourceVersionDate "2013.11.20"]
[SourceQuality "1"]

1. e4 c5 2. Nf3 e6 3. d4 cxd4 4. Nxd4 Nc6 5. Nb3 Nf6 6. Bd3 Qc7 7. Nc3 a6 8. 0-0 b5 9. Qe2 Be7 10. f4 d6 11. Be3 0-0 12. a4 b4 13. Nd1 e5 14. f5 Na5 15. Nf2 Bb7 16. Nd2 d5 17. Rfc1 Bc5 18. Kh1 Bxe3 19. Qxe3 Nc4 20. Bxc4 dxc4 21. b3 c3 22. Nf3 Nd7 23. Ng5 h6 24. Nf3 f6 25. Nd3 a5 26. Rf1 Rfd8 27. Rf2 Rac8 28. Re1 1/2-1/2

[Event "Gdansk op 12th "]
[Site "Gdansk"]
[Date "2010.07.20"]
[Round "5"]
[White "Kardasz, Wladyslaw"]
[Black "Olechnicka, Karolina"]
[Result "1-0"]
[WhiteElo "1874"]
[BlackElo "1459"]
[PlyCount "35"]
[EventDate "2010.07.17"]
[EventType "swiss"]
[EventRounds "9"]
[EventCountry "POL"]
[SourceTitle "EXT 2011"]
[Source "ChessBase"]
[SourceDate "2010.11.26"]
[SourceVersion "1"]
[SourceVersionDate "2010.11.26"]
[SourceQuality "1"]

1. e4 c5 2. Nf3 d6 3. c3 Nf6 4. Be2 Nxe4 5. Qa4+ Nc6 6. Qxe4 d5 7. Qf4 f6 8. d4 e6 9. Qg3 cxd4 10. Nxd4 Nxd4 11. cxd4 Qb6 12. Nc3 Bd7 13. Qd3 Rc8 14. 0-0 Rc4 15. Rd1 Bb4 16. Bh5+ Ke7 17. Qe3 Rhc8 18. Nxd5+ 1-0

[Event "POL-chT blind"]
[Site "Mielno"]
[Date "2010.03.27"]
[Round "10.3"]
[White "Falkowski, Dawid"]
[Black "Kardasz, Wladyslaw"]
[Result "1-0"]
[WhiteElo "2089"]
[BlackElo "1907"]
[PlyCount "41"]
[EventDate "2010.03.21"]
[EventType "team-tourn"]
[EventRounds "10"]
[EventCountry "POL"]
[SourceTitle "EXT 2011"]
[Source "ChessBase"]
[SourceDate "2010.11.26"]
[SourceVersion "1"]
[SourceVersionDate "2010.11.26"]
[SourceQuality "1"]

1. e4 c5 2. Nc3 e6 3. g3 Nc6 4. Bg2 d6 5. d3 Nf6 6. f4 a6 7. Nge2 Qc7 8. h3 Rb8 9. g4 b5 10. Ng3 b4 11. Nce2 Be7 12. 0-0 Bb7 13. g5 Nd7 14. f5 e5 15. Nh5 g6 16. fxg6 Nd8 17. Ng7+ Kf8 18. Rxf7+ Kg8 19. Rxe7 hxg6 20. Ne8 Qc6 21. Rxd7 1-0

[Event "POL-chT blind"]
[Site "Mielno"]
[Date "2010.03.23"]
[Round "4.12"]
[White "Zoltek, Tadeusz"]
[Black "Kardasz, Wladyslaw"]
[Result "1-0"]
[WhiteElo "2182"]
[BlackElo "1907"]
[PlyCount "97"]
[EventDate "2010.03.21"]
[EventType "team-tourn"]
[EventRounds "10"]
[EventCountry "POL"]
[SourceTitle "EXT 2011"]
[Source "ChessBase"]
[SourceDate "2010.11.26"]
[SourceVersion "1"]
[SourceVersionDate "2010.11.26"]
[SourceQuality "1"]

1. c4 e5 2. Nc3 d6 3. g3 f5 4. Bg2 Nf6 5. d3 Be7 6. e3 c6 7. Nge2 Be6 8. 0-0 0-0 9. b4 d5 10. cxd5 cxd5 11. Qb3 Qd7 12. d4 e4 13. b5 g5 14. Ba3 Bd6 15. Rfc1 Nh5 16. f4 gxf4 17. gxf4 Nf6 18. Bh3 Qe7 19. Bxd6 Qxd6 20. Ng3 Ng4 21. Bxg4 fxg4 22. a4 Nd7 23. Qa3 Qxa3 24. Rxa3 Rac8 25. a5 Nf6 26. Nge2 Bd7 27. Rb3 Kf7 28. Na4 Rxc1+ 29. Nxc1 Rc8 30. Rc3 Rxc3 31. Nxc3 Ke6 32. Kf2 Nh5 33. N1a2 Ng7 34. Nb4 Kd6 35. Nbxd5 Bxb5 36. Nf6 Bc6 37. Nxh7 b5 38. axb6 axb6 39. Nf6 b5 40. d5 Bd7 41. Nfxe4+ Kc7 42. Na2 Nf5 43. Ng3 Nxg3 44. Kxg3 Bf5 45. Kh4 Kd6 46. Kg5 Be4 47. Kxg4 Bxd5 48. Nc3 b4 49. Na4 1-0

[Event "POL-ch disabled"]
[Site "Rowy"]
[Date "2009.09.02"]
[Round "3.21"]
[White "Niezgoda, Boleslaw"]
[Black "Kardasz, Wladyslaw"]
[Result "0-1"]
[WhiteElo "1769"]
[BlackElo "1917"]
[PlyCount "48"]
[EventDate "2009.09.01"]
[EventType "swiss"]
[EventRounds "9"]
[EventCountry "POL"]
[SourceTitle "EXT 2023"]
[Source "ChessBase"]
[SourceDate "2022.10.05"]
[SourceVersion "1"]
[SourceVersionDate "2022.10.05"]
[SourceQuality "1"]

1. e4 c5 2. f4 Nc6 3. Nf3 d5 4. e5 e6 5. Be2 Nge7 6. 0-0 Nf5 7. c3 h5 8. Ng5 Be7 9. d3 Bxg5 10. fxg5 Nxe5 11. Bxh5 g6 12. Be2 Bd7 13. Bf4 Nc6 14. Na3 Qb6 15. Rb1 e5 16. Bd2 c4+ 17. Rf2 cxd3 18. Bxd3 e4 19. Qe2 0-0-0 20. Bxe4 dxe4 21. Qxe4 Rxh2 22. Nc4 Rh1+ 23. Kxh1 Qxf2 24. Bf4 Rh8+ 0-1

[Event "POL-ch disabled"]
[Site "Rowy"]
[Date "2009.09.01"]
[Round "1.33"]
[White "Przybylak, Gabriela"]
[Black "Kardasz, Wladyslaw"]
[Result "0-1"]
[WhiteElo "1439"]
[BlackElo "1917"]
[PlyCount "69"]
[EventDate "2009.09.01"]
[EventType "swiss"]
[EventRounds "9"]
[EventCountry "POL"]
[SourceTitle "EXT 2023"]
[Source "ChessBase"]
[SourceDate "2022.10.05"]
[SourceVersion "1"]
[SourceVersionDate "2022.10.05"]
[SourceQuality "1"]

1. d4 Nf6 2. Nc3 c5 3. Bg5 cxd4 4. Bxf6 gxf6 5. Qxd4 Nc6 6. Qh4 e6 7. 0-0-0 d6 8. e3 a6 9. a3 Be7 10. f4 f5 11. Qe1 b5 12. Na2 Qb6 13. Nf3 Bb7 14. Nd4 Nxd4 15. exd4 a5 16. Rg1 Bf6 17. c3 Be4 18. Bd3 Qc6 19. Bxe4 fxe4 20. Kb1 d5 21. g4 Be7 22. Qe2 Qc4 23. Qxc4 bxc4 24. Rg2 Rb8 25. Ka1 0-0 26. Re1 Kh8 27. Nc1 Bd6 28. Ne2 Rb3 29. Rb1 Rfb8 30. Nc1 R3b7 31. Ka2 Bxf4 32. Rc2 Bxc1 33. Rbxc1 Rg8 34. h3 f5 35. Rg1 0-1

[Event "Katy Rybackie op"]
[Site "Katy Rybackie"]
[Date "2009.06.17"]
[Round "5"]
[White "Kowalczyk, Henryk"]
[Black "Kardasz, Wladyslaw"]
[Result "1-0"]
[WhiteElo "1789"]
[BlackElo "1917"]
[PlyCount "70"]
[EventDate "2009.06.14"]
[EventType "swiss"]
[EventRounds "9"]
[EventCountry "POL"]
[SourceTitle "CBM 131 Extra"]
[Source "ChessBase"]
[SourceDate "2009.09.03"]
[SourceVersion "2"]
[SourceVersionDate "2009.09.16"]
[SourceQuality "1"]

1. g3 d5 2. Bg2 c5 3. c4 d4 4. Nf3 Nc6 5. d3 e5 6. 0-0 Bd6 7. e3 Nge7 8. exd4 exd4 9. Na3 a6 10. Nc2 Bg4 11. h3 Bh5 12. a3 Rc8 13. Rb1 0-0 14. Bd2 Bg6 15. Be1 Qd7 16. b4 b6 17. Nh4 Ne5 18. Nxg6 N7xg6 19. f4 Nc6 20. Qf3 Nge7 21. Bd2 Rfe8 22. Rbe1 b5 23. cxb5 axb5 24. bxc5 Bxc5 25. Nb4 Nxb4 26. axb4 Bd6 27. Re2 Nc6 28. Rxe8+ Qxe8 29. Re1 Qf8 30. Qd5 Nxb4 31. Qxb5 Nc2 32. Rc1 Ne3 33. Qd7 Rxc1+ 34. Bxc1 Nxg2 35. Kxg2 Qa8+ 1-0

[Event "Grunwald Cup 23rd blind"]
[Site "Dadaj"]
[Date "2008.09.26"]
[Round "6"]
[White "Wojcieszyn, Zdzislaw"]
[Black "Kardasz, Wladyslaw"]
[Result "1-0"]
[WhiteElo "2100"]
[BlackElo "1928"]
[PlyCount "43"]
[EventDate "2008.09.21"]
[EventType "swiss"]
[EventRounds "9"]
[EventCountry "POL"]
[SourceTitle "CBM 126 Extra"]
[Source "ChessBase"]
[SourceDate "2008.11.05"]
[SourceVersion "1"]
[SourceVersionDate "2008.11.05"]
[SourceQuality "1"]

1. c4 e5 2. Nc3 Nc6 3. Nf3 d6 4. d4 exd4 5. Nxd4 Bd7 6. g3 Nxd4 7. Qxd4 Qf6 8. Qe4+ Ne7 9. Nd5 Qe5 10. Qxe5 dxe5 11. Nxc7+ Kd8 12. Nxa8 Bc6 13. Rg1 Kc8 14. Be3 Kb8 15. 0-0-0 g6 16. Rd8+ Nc8 17. Bg2 Bxg2 18. Rxg2 Bg7 19. Rxh8 Bxh8 20. Rg1 Kxa8 21. Rd1 Bf6 22. f4 1-0

[Event "Grunwald Cup 23rd blind"]
[Site "Dadaj"]
[Date "2008.09.22"]
[Round "2"]
[White "Kardasz, Wladyslaw"]
[Black "Zoltek, Tadeusz"]
[Result "0-1"]
[WhiteElo "1928"]
[BlackElo "2218"]
[PlyCount "68"]
[EventDate "2008.09.21"]
[EventType "swiss"]
[EventRounds "9"]
[EventCountry "POL"]
[SourceTitle "CBM 126 Extra"]
[Source "ChessBase"]
[SourceDate "2008.11.05"]
[SourceVersion "1"]
[SourceVersionDate "2008.11.05"]
[SourceQuality "1"]

1. e4 Nf6 2. Nc3 d5 3. e5 d4 4. Nb5 Ng4 5. f4 a6 6. Na3 Nh6 7. Nf3 e6 8. Bd3 Nd7 9. 0-0 Nc5 10. Qe2 Be7 11. Nc4 0-0 12. a3 a5 13. b3 Nxd3 14. Qxd3 b5 15. Nb2 c5 16. Qe4 Qd5 17. d3 Qxe4 18. dxe4 Rd8 19. h3 c4 20. g4 f6 21. bxc4 bxc4 22. Rd1 Nf7 23. exf6 gxf6 24. Nxc4 Ba6 25. Ncd2 Bd6 26. f5 e5 27. Kg2 Rdc8 28. Ra2 Rab8 29. h4 h6 30. Kg3 Rc3 31. a4 Rbc8 32. Nb3 Be2 33. Rd3 Bxd3 34. cxd3 Rxb3 0-1

[Event "POL-chT Blind Gr A"]
[Site "Zakopane"]
[Date "2008.03.13"]
[Round "5.7"]
[White "Krajewski, Kazimierz"]
[Black "Kardasz, Wladyslaw"]
[Result "1-0"]
[WhiteElo "2007"]
[BlackElo "1923"]
[PlyCount "44"]
[EventDate "2008.03.09"]
[EventType "team-swiss"]
[EventRounds "10"]
[EventCountry "POL"]
[SourceTitle "EXT 2019"]
[Source "ChessBase"]
[SourceDate "2018.10.10"]
[SourceVersion "1"]
[SourceVersionDate "2018.10.10"]
[SourceQuality "1"]

1. e4 d6 2. d4 Nf6 3. Bd3 g6 4. f4 Bg7 5. Nf3 c6 6. c3 0-0 7. Nbd2 Nbd7 8. Qc2 e5 9. Nf1 Nh5 10. f5 Re8 11. Be3 gxf5 12. exf5 Nf4 13. Bxf4 exf4+ 14. Kf2 Nf6 15. h3 Qb6 16. Kg1 c5 17. Kh2 cxd4 18. cxd4 Bd7 19. Qd2 Nd5 20. Bc4 Ne3 21. Bb3 Bxf5 22. Re1 Be6 1-0

[Event "POL-chT Blind Gr A"]
[Site "Zakopane"]
[Date "2008.03.11"]
[Round "3.12"]
[White "Wojcieszyn, Zdzislaw"]
[Black "Kardasz, Wladyslaw"]
[Result "1-0"]
[WhiteElo "2057"]
[BlackElo "1923"]
[PlyCount "45"]
[EventDate "2008.03.09"]
[EventType "team-swiss"]
[EventRounds "10"]
[EventCountry "POL"]
[SourceTitle "EXT 2019"]
[Source "ChessBase"]
[SourceDate "2018.10.10"]
[SourceVersion "1"]
[SourceVersionDate "2018.10.10"]
[SourceQuality "1"]

1. b4 d5 2. Bb2 Bf5 3. d3 e6 4. a3 Bd6 5. Nd2 Nf6 6. Ngf3 0-0 7. e3 Nbd7 8. Be2 c6 9. 0-0 Qc7 10. h3 Rae8 11. c4 Ne5 12. Nxe5 Bxe5 13. Qc2 dxc4 14. Nxc4 Bxb2 15. Qxb2 Rd8 16. Rfd1 Rd7 17. Rac1 Rfd8 18. Ne5 Rd6 19. b5 Qb6 20. Nc4 Qxb5 21. Qxb5 cxb5 22. Nxd6 Rxd6 23. Rc8+ 1-0